Type the MCU Movie/Series by Its Last Two Letters - Statistics

General Stats
  • This quiz has been taken 134 times
    83 since last reset
  • The average score is 25 of 52
Answer Stats
Year Movie % Correct
2015 Ant-Man
100%
2008 Iron Man
100%
2018 Black Panther
91%
2022 Black Panther: Wakanda Forever
91%
2011 Captain America: The First Avenger
91%
2014 Captain America: The Winter Soldier
91%
2021 The Falcon and The Winter Soldier
91%
2022 Thor: Love and Thunder
91%
2008 The Incredible Hulk
77%
2011 Thor
77%
2023 Loki: Season 2
75%
2010 Iron Man 2
74%
2018 Avengers: Infinity War
72%
2016 Captain America: Civil War
72%
2015 Avengers: Age of Ultron
68%
2019 Avengers: Endgame
68%
2023 Secret Invasion
68%
2019 Spider-Man: Far From Home
68%
2021 Spider-Man: No Way Home
68%
2021 WandaVision
68%
2027 Avengers: Secret Wars
65%
2013 Iron Man 3
65%
2012 The Avengers
65%
2017 Spider-Man: Homecoming
58%
2025 Captain America: Brave New World
51%
2013 Thor: The Dark World
51%
2014 Guardians of the Galaxy
49%
2018 Ant-Man and The Wasp
39%
2017 Thor: Ragnarok
39%
2021 Black Widow
37%
2016 Doctor Strange
37%
2019 Captain Marvel
35%
2022 Ms. Marvel
35%
2017 Guardians of the Galaxy Vol. 2
33%
2024 Deadpool 3
28%
2023 Guardians of the Galaxy Vol. 3
28%
2021 Loki
26%
2021 Eternals
23%
2023 The Marvels
23%
2023 Ant-Man and The Wasp: Quantumania
21%
2024 Echo
14%
2021 Shang-Chi and The Legend of The Ten Rings
14%
2022 Doctor Strange in the Multiverse of Madness
12%
2026 Avengers: The Kang Dynasty
9%
2021 Hawkeye
7%
2022 Moon Knight
7%
2022 Werewolf By Night
7%
2025 Blade
5%
2022 The Guardians of the Galaxy Holiday Special
5%
2025 Thunderbolts
5%
2022 She-Hulk: Attorney at Law
4%
2025 Fantastic Four
2%
No matching quizzes found
Score Distribution
Percent of People with Each Score
Percentile by Number Answered
Your Score History
You have not taken this quiz since the last reset